40 Años de Derecho Administrativo postconstitucional y otros ensayos rescatados

Saved in:
Bibliographic Details
Main Author: Martín Rebollo, Luis
Format: Unknown
Language:English
Published: España Aranzadi 2017
Edition:Primera edición
Subjects:
Tags: Add Tag
No Tags, Be the first to tag this record!

MARC

LEADER 00000 a2200000 4500
003 CL-VaPUC
005 20240621133535.0
008 200106b ||||| |||| 00| 0 eng d
999 |c 376143  |d 376141 
020 |a 978849177 
040 |c Pontificia Universidad Católica de Valparaíso 
082 |a 342.46 MAR 2017 
100 |a Martín Rebollo, Luis  |9 605060 
245 1 0 |a 40 Años de Derecho Administrativo postconstitucional y otros ensayos rescatados 
250 |a Primera edición 
260 3 |b Aranzadi  |c 2017  |a España 
583 |k Hugo Gaete  |c 20200106 
650 0 0 |a Derecho administrativo  |9 254851 
650 0 0 |a Derecho público   |9 255910 
650 0 0 |a Administración pública   |9 255343 
650 0 0 |a CONSTITUCION ESPAÑOLA 1978  |9 395081 
650 0 0 |a Ensayo  |9 368802 
651 0 |a España  |9 254926 
942 |2 ddc  |c BK 
952 |0 0  |1 0  |2 ddc  |4 0  |6 342_460000000000000_MAR_2017  |7 0  |9 495311  |a BIBDER  |b BIBDER  |d 2020-01-02  |e 36  |g 37718.00  |i 5569192  |o 342.46 MAR 2017   |p 5569192  |r 2023-01-25  |t 1  |v 37718.00  |w 2020-01-02  |y BK  |k DER